[Event "1st Grand Europe Open"]
[Site "Golden Sands BUL"]
[Date "2012.06.06"]
[Round "3.17"]
[White "Al Sayed,Mohamad"]
[Black "Georgiev,Kr"]
[Result "1/2-1/2"]
[WhiteElo "2525"]
[BlackElo "2421"]

1.d4 Nf6 2.c4 g6 3.Nc3 Bg7 4.e4 d6 5.Nf3 O-O 6.Be2 e5 7.Be3 Ng4 8.Bg5 f6
9.Bh4 Qe8 10.d5 a5 11.Nd2 f5 12.Bxg4 fxg4 13.Bg5 Bf6 14.Be3 Qe7 15.c5 dxc5
16.Nc4 Bg5 17.d6 Qe6 18.Bxg5 Qxc4 19.dxc7 Nc6 20.Qd5+ Be6 21.Qxc4 Bxc4 22.Na4 Rac8
23.Nb6 Bd3 24.Nxc8 Rxc8 25.Bd8 Nxd8 26.cxd8=Q+ Rxd8 27.O-O-O c4 28.Rhe1 Rf8
29.Rd2 Kf7 30.Re3 Ke6 31.h3 Bf1 32.hxg4 Bxg2 33.Rc2 h5 34.gxh5 gxh5 35.Rg3 Bxe4
36.Rxc4 Kd5 37.Ra4 b6 38.Rg1 Bf3 39.Rg5 Rf6 40.Kd2 Kd6 41.Ke3 Bg4 42.f4 exf4+
43.Rxf4 Re6+ 44.Kd4 Kc6 45.Rf7 Rd6+ 46.Kc3 Be6 47.Rf6 Bxa2 48.Rxd6+ Kxd6
49.Rxh5 Be6 50.Kd4 Kc7 51.Rh6 Ba2 52.Rf6 Bb3  1/2-1/2

[Event "11th TCh-BIH Premier"]
[Site "Jahorina BIH"]
[Date "2012.06.06"]
[Round "5.1"]
[White "Kosic,D"]
[Black "Nurkic,S"]
[Result "1-0"]
[WhiteElo "2528"]
[BlackElo "2418"]

1.d4 Nf6 2.Nf3 g6 3.c4 Bg7 4.Nc3 O-O 5.e4 d6 6.Be2 e5 7.Be3 Nc6 8.d5 Ne7
9.Nd2 c5 10.g4 Ne8 11.g5 f5 12.gxf6 Nxf6 13.h4 Qd7 14.h5 Ng4 15.hxg6 Nxg6
16.Bxg4 Qxg4 17.Qxg4 Bxg4 18.Nb5 Rad8 19.Rg1 Bc8 20.Nxa7 Nf4 21.Nxc8 Rxc8
22.Kd1 Kh8 23.Kc2 Ne2 24.Rh1 Nd4+ 25.Kd3 Rf7 26.Rh3 Bf6 27.Rah1 Rg8 28.Rh6 Be7
29.a3 b6 30.Nf1 Rb8 31.Nd2 b5 32.R6h3 bxc4+ 33.Nxc4 Rb3+ 34.Kd2 Rb8 35.Rh6 Bf8
36.R6h5 Be7 37.Rb1 Rb3 38.Na5 Rb5 39.b4 Bd8 40.Nc4 Bc7 41.Rh6 cxb4 42.axb4 Rd7
43.Kd3 Nf3  1-0

[Event "Server24Chess 2012"]
[Site "Ortisei ITA"]
[Date "2012.06.06"]
[Round "5"]
[White "Gretarsson,Hj"]
[Black "Antoniewski,R"]
[Result "1/2-1/2"]
[WhiteElo "2477"]
[BlackElo "2536"]

1.d4 Nf6 2.c4 g6 3.Nc3 Bg7 4.e4 d6 5.Nf3 O-O 6.Be2 Nbd7 7.O-O e5 8.Be3 Qe7
9.Qc2 exd4 10.Nxd4 c6 11.Rad1 Re8 12.f3 a5 13.Rfe1 Nc5 14.Bf1 Nh5 15.Qf2 a4
16.g3 Ra5 17.Qd2 Ra6 18.Bg2 Qc7 19.Bf2 Qa5 20.Nde2 Bf8 21.g4 Nf6 22.Bg3 Nfd7
23.Qc2 Ne5 24.b3 axb3 25.axb3 Qb4 26.Nc1 Bg7 27.N3a2 Qb6 28.Kh1 Ra3 29.Bf2 Qc7
30.Be3  1/2-1/2

[Event "Server24Chess 2012"]
[Site "Ortisei ITA"]
[Date "2012.06.06"]
[Round "5"]
[White "Lehnert,M"]
[Black "Van Foreest,Lucas"]
[Result "0-1"]
[WhiteElo "2026"]
[BlackElo "1960"]

1.c4 Nf6 2.Nc3 g6 3.e4 d6 4.d4 Bg7 5.Nf3 O-O 6.Be2 e5 7.d5 Nbd7 8.O-O h6
9.Bd2 Ne8 10.b4 f5 11.exf5 gxf5 12.Rc1 Qe7 13.Na4 b6 14.c5 bxc5 15.bxc5 Nxc5
16.Nxc5 dxc5 17.Be3 Nd6 18.Bxc5 a6 19.Qc2 Bb7 20.Rfd1 e4 21.Nd4 Bxd5 22.Nxf5 Rxf5
23.Rxd5 Rxd5 24.Bc4 c6 25.Qb3 Qg5 26.Bxd5+ cxd5 27.Rd1 Nc4 28.Qb7 Rd8 29.Be7 Qg4
30.Rb1 Rd7 31.Qc8+ Kh7 32.h3 Qe6 33.Bc5 Qf7  0-1

[Event "1st Grand Europe Open"]
[Site "Golden Sands BUL"]
[Date "2012.06.07"]
[Round "4.46"]
[White "Zavialov,Volodymyr"]
[Black "Mladenov,Sv"]
[Result "0-1"]
[WhiteElo "2155"]
[BlackElo "2413"]

1.d4 d6 2.Nf3 Nf6 3.c4 g6 4.Nc3 Bg7 5.e4 O-O 6.Be2 Nbd7 7.O-O e5 8.dxe5 dxe5
9.Qc2 c6 10.b3 Qe7 11.a4 a5 12.Bg5 h6 13.Bh4 Nc5 14.h3 g5 15.Bg3 Nfd7 16.Rad1 Ne6
17.Bd3 Ndc5 18.Rfe1 Rd8 19.Bf1 Nd4 20.Nxd4 exd4 21.Na2 f5 22.exf5 Qf7 23.Nc1 Bxf5
24.Bd3 Nxd3 25.Nxd3 Re8 26.Qd2 Qg6 27.Ne5 Bxe5 28.Rxe5 Rxe5 29.Bxe5 c5 30.Re1 Bc2
31.Bd6 b6 32.Qe2 Qxd6 33.Qxc2 d3 34.Qd2 Rd8 35.Re4 Qf6 36.Kh2 Kf7 37.Re3 Qd4
38.Rf3+ Kg6 39.Qe1 Qd6+ 40.g3 d2 41.Qd1 Qd4 42.Qb1+ Kg7 43.Qf5 d1=Q 44.Qf7+ Kh8
45.Rf6 Qh5 46.Qe7 Qd7 47.Qe5 Qdxh3+  0-1

[Event "1st Grand Europe Open"]
[Site "Golden Sands BUL"]
[Date "2012.06.08"]
[Round "5.53"]
[White "Zavialov,Volodymyr"]
[Black "Kanmazalp,O"]
[Result "0-1"]
[WhiteElo "2155"]
[BlackElo "2379"]

1.d4 Nf6 2.Nf3 g6 3.c4 Bg7 4.Nc3 O-O 5.e4 d6 6.Be2 Nbd7 7.O-O e5 8.dxe5 dxe5
9.Qc2 c6 10.b3 Re8 11.Ba3 Bf8 12.Bb2 Nh5 13.Rfd1 Nf4 14.Bf1 Qc7 15.Ne2 Nxe2+
16.Bxe2 a5 17.a3 f6 18.Bc3 c5 19.Nd2 Nb8 20.Nf1 Bh6 21.Qd3 Be6 22.Ne3 Bxe3
23.Qxe3 b6 24.Qd3 Nc6 25.Qd6 Qb7 26.Qd3 Red8 27.Qc2 Qe7 28.Rxd8+ Rxd8 29.Rd1 Nd4
30.Bxd4 cxd4 31.Bd3 Qxa3 32.h4 Qb4 33.Ra1 Qc3 34.Qd1 h5 35.Rc1 Qb4 36.Rb1 Kg7
37.Ra1 Bg4 38.Qb1 Rc8 39.Ra4 Qc3 40.Ra2 Qb4 41.Ra4 Qe7 42.b4 Bd7 43.b5 Qc5
44.Qf1 Be6 45.Qe2 Rf8 46.Ra1 Qb4 47.Qd1 Rc8 48.Rb1 Qc5 49.Rc1 Ra8 50.Ra1 Bg4
51.Qc2 Kf7 52.Ra4 Ke7 53.f3 Be6 54.Qe2 Kd7 55.Qd2 Qf8 56.Qc2 Kc8 57.Qe2 Qh6
58.Kf2 Qc1 59.Kg3 Qf4+ 60.Kf2 Qxh4+ 61.Kg1 Qf4 62.Kf2 h4 63.Ra1 Qg3+ 64.Kg1 h3
65.Rc1 Qxg2+ 66.Qxg2 hxg2 67.Kxg2 Kd7 68.Kg3 g5 69.Kf2 Rh8 70.Kg2 Kd6 71.Rb1 a4
72.Ra1 Ra8 73.Kf2 a3 74.Ke2 a2  0-1

[Event "1st Grand Europe Open"]
[Site "Golden Sands BUL"]
[Date "2012.06.08"]
[Round "5.19"]
[White "Thejkumar,M"]
[Black "Li Shilong"]
[Result "0-1"]
[WhiteElo "2450"]
[BlackElo "2553"]

1.d4 Nf6 2.Nf3 g6 3.c4 Bg7 4.Nc3 O-O 5.e4 d6 6.Be2 e5 7.O-O exd4 8.Nxd4 Re8
9.f3 c6 10.Nc2 Nh5 11.g4 Nf6 12.Be3 h5 13.g5 Nh7 14.Qd2 Bh3 15.Rf2 Be5 16.Rd1 Nd7
17.Bf1 Bxf1 18.Rdxf1 Qe7 19.Kh1 Rad8 20.Nd4 Nb6 21.b3 Bxd4 22.Bxd4 Nxg5 23.Be3 Ne6
24.f4 Nc5 25.Bxc5 dxc5 26.Qb2  0-1

[Event "5th Sudety Open 2012"]
[Site "Szklarska Poreba POL"]
[Date "2012.06.08"]
[Round "7"]
[White "Malaniuk,V"]
[Black "Galazewski,T"]
[Result "1/2-1/2"]
[WhiteElo "2519"]
[BlackElo "2267"]

1.d4 Nf6 2.Nf3 g6 3.c4 Bg7 4.Nc3 O-O 5.e4 d6 6.Be2 e5 7.O-O exd4 8.Nxd4 Re8
9.f3 Nc6 10.Be3 Nh5 11.Qd2 Nf4 12.Rfd1 Nxd4 13.Bxd4 Bxd4+ 14.Qxd4 Nxe2+ 15.Nxe2 b6
16.Nc3 Bb7 17.Rac1 Qg5 18.Rc2 Re7 19.Nd5 Bxd5 20.cxd5 f5  1/2-1/2

[Event "TCh-NOR Clubs 2012"]
[Site "Fagernes NOR"]
[Date "2012.06.09"]
[Round "3"]
[White "Gyldenas,O"]
[Black "Eriksen,M"]
[Result "0-1"]
[WhiteElo "2009"]
[BlackElo "2102"]

1.c4 Nf6 2.Nc3 g6 3.Nf3 Bg7 4.d4 O-O 5.e4 d6 6.Be2 e5 7.Be3 Nh5 8.dxe5 dxe5
9.Qxd8 Rxd8 10.Nd5 Na6 11.O-O-O Bg4 12.c5 Nf4 13.Bxf4 exf4 14.Bxa6 bxa6 15.Nxc7 Rxd1+
16.Rxd1 Rc8 17.Nxa6 Bf8 18.b4 Be6 19.Rd4 Be7 20.Kc2 Kg7 21.a4 g5 22.h3 h5
23.Nd2 Bf6 24.Rd3 Be7 25.f3 Kf8 26.e5 Bf5 27.Ne4 g4 28.hxg4 hxg4 29.Rd4 f6
30.e6 g3 31.Kd1 Bh3 32.Nd2 Bxg2 33.Rxf4 Bh3 34.Ke1 f5 35.b5 Bg5 36.Rd4 g2
37.Kf2 Be3+  0-1

[Event "1st Grand Europe Open"]
[Site "Golden Sands BUL"]
[Date "2012.06.09"]
[Round "6.32"]
[White "Shalamberidze,A"]
[Black "Kanarek,M"]
[Result "0-1"]
[WhiteElo "2333"]
[BlackElo "2484"]

1.c4 Nf6 2.Nc3 g6 3.e4 d6 4.d4 Bg7 5.Nf3 O-O 6.Be2 e5 7.O-O Nbd7 8.Re1 c6
9.Bf1 Qe7 10.d5 a5 11.Rb1 Nc5 12.b3 Bd7 13.a3 cxd5 14.cxd5 b5 15.b4 axb4
16.axb4 Na4 17.Nxb5 Rfb8 18.Ra1 Nxe4 19.Rxa4 Rxa4 20.Rxe4 Bxb5 21.Bxb5 Ra1
22.Bc6 f5 23.Rc4 e4 24.Nd4 e3 25.fxe3 Qe4 26.Qf1 Bh6 27.Nb3 Qxe3+ 28.Kh1 Qxb3
29.Qe2 Qe3  0-1

[Event "Hustopece Rapid"]
[Site "Hustopece CZE"]
[Date "2012.06.09"]
[Round "4.2"]
[White "Zilka,S"]
[Black "Neuman,P"]
[Result "1/2-1/2"]
[WhiteElo "2513"]
[BlackElo "2472"]

1.d4 Nf6 2.c4 g6 3.Nc3 Bg7 4.e4 d6 5.Nf3 O-O 6.Be2 e5 7.O-O Nh5 8.Bg5 f6
9.Be3 Nf4 10.Bxf4 exf4 11.Qd2 g5 12.d5 f5 13.exf5 Bxf5 14.Nd4 Bxd4 15.Qxd4 Nd7
16.Bd3 Bxd3 17.Qxd3 Ne5  1/2-1/2

[Event "19th Metropolitan IM"]
[Site "Los Angeles USA"]
[Date "2012.06.09"]
[Round "7"]
[White "Arvind,C"]
[Black "Remlinger,L"]
[Result "1-0"]
[WhiteElo "2317"]
[BlackElo "2355"]

1.d4 Nf6 2.c4 g6 3.Nc3 Bg7 4.e4 d6 5.Nf3 O-O 6.Be2 e5 7.O-O exd4 8.Nxd4 Re8
9.f3 c6 10.Kh1 Nbd7 11.Be3 a6 12.Nc2 Qe7 13.Qd2 b5 14.Rad1 Bf8 15.Bg5 Bb7
16.Rfe1 Rad8 17.Qf4 h6 18.Bxh6 Nh5 19.Qc1 Bxh6 20.Qxh6 Qh4 21.Kg1 Qf6 22.g3 Nb6
23.f4 Qg7 24.Qxg7+ Nxg7 25.cxb5 axb5 26.Bf3 Ne6 27.h4 Kg7 28.Kf2 f6 29.b3 Nc7
30.h5 c5 31.a3 gxh5 32.Ne3 Bc8 33.Rh1 Rh8 34.Bxh5 Be6 35.Ncd5 Ncxd5 36.exd5 Bd7
37.Kf3 f5 38.g4 fxg4+ 39.Bxg4 Kf6 40.Bxd7 Nxd7 41.a4 bxa4 42.bxa4 Ra8 43.Rxh8 Rxh8
44.a5 Rh3+ 45.Kf2 Rh2+ 46.Ng2 Rh3 47.Ra1 Kf5 48.Ra4 c4 49.a6 c3 50.Ne3+ Kf6
51.a7  1-0

[Event "Campeonato Individual Madrid 2012"]
[Site "Madrid ESP"]
[Date "2012.06.09"]
[Round "3.3"]
[White "Moreno Ruiz,J"]
[Black "Taboas Rodriguez,D"]
[Result "1-0"]
[WhiteElo "2513"]
[BlackElo "2410"]

1.d4 Nf6 2.c4 d6 3.Nf3 g6 4.Nc3 Bg7 5.e4 O-O 6.Be2 e5 7.d5 a5 8.Bg5 h6 9.Bh4 Na6
10.Nd2 Qe8 11.O-O Nh7 12.a3 Bd7 13.b3 f5 14.f3 g5 15.Bf2 f4 16.Rb1 h5 17.b4 axb4
18.axb4 Nf6 19.c5 g4 20.c6 bxc6 21.dxc6 Be6 22.Bc4 Bh6 23.Bxe6+ Qxe6 24.Bh4 Rab8
25.Bxf6 Rxf6 26.Nd5 Rf7 27.Qe2 Qc8 28.Qc4 Kg7 29.Ra1 Ra8 30.Ra2 Nxb4 31.Nxb4 Rxa2
32.Qxa2 Bg5 33.Nd5 Bh4 34.Kh1 Qd8 35.fxg4 hxg4 36.g3 Bg5 37.gxf4 exf4 38.Qb2+ Kg6
39.e5 Rf5 40.Qc2 dxe5 41.Qe4 Qf8 42.Nc4 Kh5 43.Nxc7 f3 44.Ne6 Qf6 45.Qxf5  1-0

[Event "Victory Day 2012"]
[Site "Moscow RUS"]
[Date "2012.06.09"]
[Round "8.4"]
[White "Arustamian,A"]
[Black "Tilicheev,V"]
[Result "1-0"]
[WhiteElo "2393"]
[BlackElo "2387"]

1.d4 Nf6 2.Nf3 g6 3.c4 Bg7 4.Nc3 O-O 5.e4 d6 6.Be2 e5 7.dxe5 dxe5 8.Qxd8 Rxd8
9.Bg5 Rf8 10.Nd5 Nxd5 11.cxd5 c6 12.Bc4 b5 13.Bb3 Bb7 14.dxc6 Bxc6 15.Nd2 Nd7
16.Rc1 Rfc8 17.Ke2 a5 18.Rhd1 a4 19.Rxc6 Rxc6 20.Bd5 Rac8 21.Bxc6 Rxc6 22.Nb1 Nf8
23.Rc1 Rb6 24.Rc8 f5 25.Nc3 Rb7 26.Be3 Kf7 27.Rc5 f4 28.Bd2 Ne6 29.Rd5 Ke7
30.f3 Nd4+ 31.Kd3 Rd7 32.Be1 Rxd5 33.exd5 Kd6 34.Bf2 Kc5 35.d6 Kc6 36.Bxd4 exd4
37.d7 Bf6 38.Ne4 Be7 39.Kxd4 Kxd7 40.Kd5 Bf8 41.Nc3 Bg7 42.a3 b4 43.Nxa4 Bxb2
44.axb4  1-0

[Event "5th Sudety Open 2012"]
[Site "Szklarska Poreba POL"]
[Date "2012.06.09"]
[Round "8"]
[White "Malaniuk,V"]
[Black "Aliavdin,N"]
[Result "1-0"]
[WhiteElo "2519"]
[BlackElo "2382"]

1.d4 Nf6 2.Nf3 g6 3.c4 Bg7 4.Nc3 O-O 5.e4 d6 6.Be2 e5 7.O-O exd4 8.Nxd4 Re8
9.f3 c6 10.Kh1 Nh5 11.g4 Nf6 12.Be3 h5 13.g5 Nh7 14.Qd2 Nd7 15.Rad1 Qe7 16.Rg1 a6
17.Rg3 Nc5 18.Bf1 a5 19.Rg1 a4 20.Nde2 Be5 21.Bg2 Be6 22.f4 Bxc3 23.Nxc3 Bxc4
24.Qxd6 Qxd6 25.Rxd6 Nd3 26.b3 axb3 27.axb3 Ra3 28.Nb1 Rxb3 29.Nd2 Nb2 30.Nxb3 Bxb3
31.Rd7 b5 32.Rb1 Be6 33.Rc7 Nc4 34.Bg1 Nf8 35.Rxc6 Bg4 36.h3 Be2 37.Rxb5 Ne6
38.Rb4 Na5 39.Rc2 Nxf4 40.Bh2 Nd3 41.Rb8 Rxb8 42.Bxb8  1-0

[Event "TCh-NOR Clubs 2012"]
[Site "Fagernes NOR"]
[Date "2012.06.10"]
[Round "5"]
[White "Hammer,J"]
[Black "Hansen,TR"]
[Result "1-0"]
[WhiteElo "2630"]
[BlackElo "2469"]

1.d4 Nf6 2.c4 g6 3.Nc3 Bg7 4.e4 d6 5.Nf3 O-O 6.Be2 e5 7.Be3 Nbd7 8.O-O Re8
9.d5 Nh5 10.g3 Bf8 11.Ne1 Ng7 12.Nd3 Be7 13.Qd2 f5 14.f3 Rf8 15.Rac1 Nf6
16.c5 fxe4 17.fxe4 Bh3 18.Rf2 h5 19.b4 Kh7 20.a4 Qd7 21.b5 b6 22.c6 Qc8 23.a5 h4
24.Bg5 hxg3 25.hxg3 Ngh5 26.Rh2 Kg8 27.Nf2  1-0

[Event "1st Grand Europe Open"]
[Site "Golden Sands BUL"]
[Date "2012.06.10"]
[Round "7.54"]
[White "Koksal,E"]
[Black "L'Ami,Alina"]
[Result "1-0"]
[WhiteElo "2200"]
[BlackElo "2383"]

1.d4 Nf6 2.c4 g6 3.Nc3 Bg7 4.e4 d6 5.Nf3 O-O 6.Be2 e5 7.dxe5 dxe5 8.Qxd8 Rxd8
9.Bg5 Re8 10.O-O Na6 11.Nd2 c6 12.f3 Nh5 13.g3 Bf8 14.Be3 Bc5 15.Kf2 Ng7
16.Bxc5 Nxc5 17.b4 Nce6 18.c5 Nd4 19.Nc4 Nge6 20.Nd6 Rd8 21.Bc4 b6 22.Rac1 Kg7
23.Rfd1 Rb8 24.Ne2 bxc5 25.bxc5 Nxe2 26.Kxe2 Nd4+ 27.Ke3 Be6 28.Bxe6 Nxe6
29.Nc4 f6 30.Rxd8 Rxd8 31.Na5 Nd4 32.Rb1 Rd7 33.Rb8 Rc7 34.f4 Kf7 35.fxe5 fxe5
36.Nc4 Kf6 37.Rf8+ Ke7 38.Rh8 Kf6 39.Rf8+ Ke7 40.Rh8 Kf6 41.Rf8+ Ke7 42.Ra8 Kf6
43.Nd6 Re7 44.Rf8+ Ke6 45.g4 Nc2+ 46.Kd3 Nd4 47.Kc4 Nc2 48.Rc8 Ne3+ 49.Kd3 Nxg4
50.Rxc6 Kd7 51.Ra6 Kd8 52.Nb5 Rb7 53.a4 Nxh2 54.c6 Rb6 55.c7+ Kd7 56.Rxa7 Rc6
57.Ra8 Rxc7 58.Nxc7 Kxc7 59.Ra7+ Kc6 60.Rxh7 Ng4 61.Rg7 Nf2+ 62.Ke3 Nd1+
63.Kd2 Nb2 64.Rxg6+ Kc5 65.Ra6 Kd4 66.Ra8 Nc4+ 67.Ke2 Kxe4 68.a5 Kd5 69.a6 Nb6
70.Rb8 Kc6  1-0

[Event "1st Grand Europe Open"]
[Site "Golden Sands BUL"]
[Date "2012.06.10"]
[Round "7.30"]
[White "Nikolov,Sas"]
[Black "Nevednichy,V"]
[Result "0-1"]
[WhiteElo "2384"]
[BlackElo "2553"]

1.d4 Nf6 2.c4 g6 3.Nc3 Bg7 4.e4 d6 5.Nf3 O-O 6.Be2 e5 7.O-O Nbd7 8.Qc2 Nh5
9.Rd1 Nf4 10.Bf1 c5 11.Nb5 cxd4 12.Nfxd4 Nh3+ 13.gxh3 exd4 14.Nxd4 Qh4 15.f4 Nc5
16.Nf3 Qe7 17.e5 dxe5 18.fxe5 Bf5 19.Qe2 Rfe8 20.Bf4 f6 21.b4 Na4 22.c5 fxe5
23.Bg5 Qf7 24.Rac1 h6 25.Be3 a6 26.Rd6 Rad8 27.Qd1 Rxd6 28.cxd6 b5 29.Rc7 Qe6
30.Bc5 Nc3 31.Qb3 Qxb3 32.axb3 Rd8 33.Nh4 Be4 34.Bg2 Bf6 35.Nf3 Nd5 36.Ra7 Nf4
37.Bh1 Ra8 38.Rc7 Ne6 39.Rd7 Nf8 40.Rc7 Bd8 41.Ra7 Rxa7 42.Bxa7 Bf6 43.Nxe5 Bxh1
44.Ng4 Bg7 45.Kxh1 Kf7 46.Kg2 Ke6 47.Bc5 Nd7 48.Kf3 a5 49.Ne3 Bc3 50.Nc2 a4
51.bxa4 bxa4 52.Ke4 Bb2 53.Nd4+ Kf7 54.Kd5 a3 55.Nc2 a2 56.Bd4 Bxd4 57.Kxd4 Ke6
58.Kc3 Kxd6 59.Kb3 Ne5 60.Kxa2 Nf3 61.Kb3 Nxh2 62.Ka4 Nf3 63.Ka5 g5 64.Ka6 h5
65.b5 Ne5 66.b6 Nd7 67.Nd4 Ke5 68.Ne2 h4 69.b7 Nc5+ 70.Ka7 Nxb7 71.Kxb7 Ke4
72.Kc6 Ke3 73.Nc3 g4 74.Nd5+ Kf3 75.hxg4 h3 76.g5 h2 77.Kd6 h1=Q 78.g6 Qh6
79.Ne7 Qg7 80.Ke6 Ke4  0-1

[Event "19th Metropolitan IM"]
[Site "Los Angeles USA"]
[Date "2012.06.10"]
[Round "8"]
[White "Troff,Kayden W"]
[Black "Remlinger,L"]
[Result "1/2-1/2"]
[WhiteElo "2276"]
[BlackElo "2355"]

1.d4 Nf6 2.c4 g6 3.Nc3 Bg7 4.e4 d6 5.Nf3 O-O 6.Be2 e5 7.O-O exd4 8.Nxd4 Re8
9.f3 c6 10.Be3 d5 11.cxd5 Nxd5 12.Nxd5 cxd5 13.Rc1 dxe4 14.fxe4 Bxd4 15.Bxd4 Nc6
16.Bf6 Qxd1 17.Rfxd1 Be6 18.a3 Rac8 19.Rc3 Nb8 20.Bb5 Rxc3 21.Bxe8 Rc8 22.Ba4 a6
23.Rd6 b5 24.Bc2 Nd7 25.Bc3 a5 26.Bd3 Nc5 27.Bc2 a4 28.Rd4 Bc4 29.Kf2 Kf8
30.Bb4 Ke8 31.Bxc5 Rxc5 32.Ke3 Ke7 33.Rd2 f6 34.Bd1 Rc6 35.Bg4 Rd6 36.Rxd6 Kxd6
37.Kd4 h5 38.Bc8 h4 39.g3 hxg3 40.hxg3 Bf1 41.Bg4 Bc4 42.Bf3 Bf1 43.Bd1 Bh3
44.Be2 Bd7 45.Bd3 g5 46.Be2 Bc6 47.Bh5 Bd7 48.Bf7 Bc6 49.b3 axb3 50.Bxb3 Be8
51.Bd5 Bd7 52.Bb7 Be8 53.Bc8  1/2-1/2

[Event "5th Sudety Open 2012"]
[Site "Szklarska Poreba POL"]
[Date "2012.06.10"]
[Round "9"]
[White "Klim,K"]
[Black "Malaniuk,V"]
[Result "1/2-1/2"]
[WhiteElo "2332"]
[BlackElo "2519"]

1.d4 Nf6 2.c4 d6 3.Nf3 Nbd7 4.Nc3 g6 5.e4 e5 6.Be2 Bg7 7.O-O O-O 8.Re1 Re8
9.Bf1 a6 10.h3 exd4 11.Nxd4 c6 12.Bf4 Nc5 13.Qc2 Nfd7 14.Rad1 Bxd4 15.Rxd4 Ne6
16.Qd2 Nxd4 17.Qxd4 Ne5 18.Rd1 Qf6 19.Bg3 Bxh3 20.Qxd6 Qxd6 21.Rxd6 Bg4 22.f3 Bh5
23.Bxe5 Rxe5 24.g4 Bxg4 25.fxg4 Kf8 26.Kf2 Ke7 27.Rd2 Rd8 28.Rxd8 Kxd8 29.Kg3 h5
30.Be2 hxg4 31.Bxg4 b5 32.Kf4 f6 33.cxb5 axb5 34.a3 Kc7 35.Bd1 Kd6 36.Bb3 Rg5
37.Kf3 Rg1 38.Bf7 g5 39.a4 bxa4 40.Nxa4 Rf1+ 41.Kg3 Ke5 42.Bg6 Rc1 43.Nb6 Rg1+
44.Kf2 Rd1 45.Ke3 Rf1 46.Nc4+ Ke6 47.Ke2 Rh1 48.Bf5+ Ke7 49.Kd3 Rd1+ 50.Kc2 Re1
51.Kd2 Rb1 52.Kc3 Rg1 53.Ne3 Re1 54.Kd4 Rb1 55.Kc3 Re1 56.Ng4 Rd1 57.Kb4 c5+
58.Kb3 Rf1 59.Ka4 Re1 60.Kb3 Rc1  1/2-1/2

[Event "OKU Open GpA 2012"]
[Site "Utrecht NED"]
[Date "2012.06.10"]
[Round "5.10"]
[White "Goes,S"]
[Black "Van Den Ouden,Lendert"]
[Result "1/2-1/2"]
[WhiteElo "2147"]
[BlackElo "1990"]

1.Nf3 Nf6 2.c4 g6 3.d4 Bg7 4.Nc3 O-O 5.e4 d6 6.Be2 e5 7.dxe5 dxe5 8.Qxd8 Rxd8
9.Bg5 Rf8 10.Nxe5 Nxe4 11.Nxe4 Bxe5 12.O-O-O Nc6 13.Nf6+ Kg7 14.Ng4  1/2-1/2

[Event "1st Grand Europe Open"]
[Site "Golden Sands BUL"]
[Date "2012.06.11"]
[Round "8.4"]
[White "Melkumyan,H"]
[Black "Solak,D"]
[Result "1/2-1/2"]
[WhiteElo "2642"]
[BlackElo "2586"]

1.d4 d6 2.Nf3 g6 3.c4 Bg7 4.Nc3 Nf6 5.e4 O-O 6.Be2 e5 7.O-O exd4 8.Nxd4 Re8
9.f3 Nc6 10.Be3 Nh5 11.Qd2 Nf4 12.Rfd1 Nxd4 13.Bxd4 Bxd4+ 14.Qxd4 Nxe2+ 15.Nxe2 b6
16.Nc3 Bb7 17.Nd5 Re5 18.Rac1 c5 19.Qe3 Bxd5 20.Rxd5 Rxd5 21.exd5 Qf6 22.Qc3 Kg7
23.Kf2 a6 24.g4 g5 25.h4 gxh4 26.Rh1 b5 27.Rxh4 Qxc3 28.bxc3 bxc4 29.g5 Kg6
30.f4 h5 31.gxh6 Rh8 32.Rg4+ Kf5 33.Rh4 Ke4 34.h7 Kxd5 35.Kf3 Ke6 36.Kg4 d5
37.Kg5 d4 38.Kh6 Kf5 39.Rh5+ Kxf4 40.Rxc5 d3 41.Rxc4+ Ke3 42.Rc7 f5 43.Re7+ Kd2
44.c4 f4 45.c5 f3 46.Kg7 Rxh7+ 47.Kxh7 f2 48.Rf7 Ke2 49.c6 d2 50.c7 d1=Q
51.c8=Q Qd3+ 52.Kg7 f1=Q 53.Qg4+ Qff3 54.Rxf3 Qxf3 55.Qe6+ Kd2 56.Qxa6 Qg4+
57.Kf6 Qf4+ 58.Ke7 Qe5+ 59.Kf7 Qf5+ 60.Ke8 Qe5+ 61.Kd8 Qh8+ 62.Kc7 Qg7+ 63.Kc6 Qf6+
64.Kb5 Qe5+ 65.Ka4 Qd4+ 66.Kb3 Qc3+ 67.Ka4 Qd4+ 68.Ka5 Qc3+ 69.Kb6 Qf6+ 70.Ka7 Qe7+
71.Kb8 Qd8+ 72.Kb7 Qd7+ 73.Kb6 Qd6+ 74.Ka5 Qa3+ 75.Kb5 Qd3+ 76.Kb6 Qd6+ 77.Ka7 Qc7+
78.Qb7 Qxb7+ 79.Kxb7 Kc3 80.a4 Kb4 81.Kb6 Kxa4  1/2-1/2

[Event "26th Pula Open"]
[Site "Pula CRO"]
[Date "2012.06.11"]
[Round "3.24"]
[White "Goossens,R"]
[Black "Maurer,Joc"]
[Result "0-1"]
[WhiteElo "2080"]
[BlackElo "2274"]

1.Nf3 Nf6 2.c4 g6 3.Nc3 Bg7 4.e4 d6 5.d4 O-O 6.Be2 e5 7.Be3 Nbd7 8.d5 Ng4
9.Bg5 f6 10.Bd2 Nh6 11.h4 a5 12.h5 g5 13.Qc1 Nc5 14.Nxg5 fxg5 15.Bxg5 Rf6
16.f3 Qf8 17.Bxf6 Qxf6 18.Nb5 Na6 19.Qd2 b6 20.a3 Nf7 21.b4 Bh6 22.Qc3 Qf4
23.bxa5 Qg3+ 24.Kf1 Bd7 25.axb6 cxb6 26.a4 Nc5 27.Qe1 Qf4 28.g3 Qf6 29.Kg2 Rxa4
30.Rxa4 Nxa4 31.Qb4 Nc5 32.Nc7 Qg5 33.Qxb6 Qd2 34.Kf1 Nd3 35.Qb1 Nc1 36.Rh2 Bh3+  0-1

[Event "26th Pula Open"]
[Site "Pula CRO"]
[Date "2012.06.12"]
[Round "5.7"]
[White "Sipos,I"]
[Black "Orak,L"]
[Result "1-0"]
[WhiteElo "2445"]
[BlackElo "2323"]

1.c4 Nf6 2.Nc3 g6 3.e4 d6 4.d4 Bg7 5.Nf3 O-O 6.Be2 e5 7.d5 a5 8.Bg5 h6 9.Bh4 Na6
10.Nd2 Qe8 11.a3 Bd7 12.b3 Nh7 13.O-O h5 14.f3 Bh6 15.Kh1 Be3 16.Qc2 f5 17.exf5 gxf5
18.Rae1 Nc5 19.b4 axb4 20.axb4 Na6 21.Rb1 Qg6 22.Nd1 Bd4 23.f4 e4 24.Bf2 Bxf2
25.Rxf2 Nf6 26.Ne3 Ng4 27.Bxg4 hxg4 28.g3 Qf6 29.Qb2 Qxb2 30.Rxb2 b5 31.Rf1 bxc4
32.Ndxc4 Rab8 33.Ra1 Bb5 34.Na5 Kg7 35.Nc6 Bxc6 36.Rxa6 Bb7 37.Ra7 Kf6 38.b5 Rf7
39.Kg2 Bc8 40.Kf2 Kg6 41.Ke1 Rh7 42.Kd1 Rb6 43.Kc1 Rb8 44.Kb1 Rb7 45.Rxb7 Bxb7
46.Rc2 Rf7 47.Kb2 Kg7 48.Kb3 Kf8 49.Kc4 Ke8 50.Kd4 Bc8 51.b6 Kd8 52.Rc6 cxb6
53.Rxd6+ Kc7 54.Rc6+ Kb7 55.Nc4 Rc7 56.Nd6+  1-0

[Event "16th Voronezh Master Open"]
[Site "Voronezh RUS"]
[Date "2012.06.12"]
[Round "1.15"]
[White "Zakhartsov,Vi"]
[Black "Klimentov,R"]
[Result "1-0"]
[WhiteElo "2562"]
[BlackElo "2274"]

1.Nf3 Nf6 2.c4 g6 3.Nc3 Bg7 4.e4 O-O 5.d4 d6 6.Be2 e5 7.d5 a5 8.h3 Na6 9.Bg5 h6
10.Be3 Nc5 11.Nd2 Ne8 12.g4 Bd7 13.h4 f5 14.exf5 gxf5 15.gxf5 Bxf5 16.Nf1 a4
17.Ng3 a3 18.b4 e4 19.Rc1 Nd3+ 20.Bxd3 exd3 21.Nxf5 Rxf5 22.Qxd3 Rh5 23.Kd2 Rxh4
24.Rhg1 Qe7 25.Rg6 Kh8 26.Rcg1 Rd8 27.Ne2 b5 28.cxb5 Qf7 29.Kc2 Rd7 30.Kb3 Re7
31.Ng3 Re5 32.Re6 Rxe6 33.dxe6 Qxe6+ 34.Kxa3 Qf6 35.Rb1 d5 36.Nf5 Rc4 37.Rb3 Nd6
38.Nxd6 Qxd6 39.Bc5 Rxc5 40.bxc5 Qxc5+ 41.Ka4 Qa7+ 42.Kb4 Bf8+ 43.Kc3 Bg7+
44.Kd2 Qxf2+ 45.Qe2 Qd4+ 46.Ke1 Qg1+ 47.Qf1 Qd4 48.Ke2 Qe4+ 49.Kf2 h5 50.Rf3 Qc2+
51.Qe2 Bd4+ 52.Ke1 Qc1+ 53.Qd1 Bc3+ 54.Ke2 Qb2+ 55.Kf1 Qxb5+ 56.Qd3 Qxd3+
57.Rxd3 d4 58.Rh3 Kg7 59.Rxh5 Kf6 60.Rc5 Ke6 61.Rxc7 Kd6 62.Rc8 Ba5 63.Ke2 Bc7
64.Kd3 Kd7 65.Rg8 Bb6 66.Rg6 Kc7 67.Kc4 Kb7 68.Kb5 Bc7 69.Rg7 d3 70.Rd7 d2
71.Rxd2 Ka8 72.Ka6 Bf4 73.Rd8+ Bb8 74.Rd7 Bg3 75.Ra7+ Kb8 76.Rg7 Be5 77.Rg8+ Kc7
78.Rg5 Bf4 79.Rb5 Be3 80.Rb7+ Kc8 81.a4 Bf2 82.Rb2 Bd4 83.Rb4 Be3 84.Rb3 Bd4
85.Kb5 Bf6 86.Kc6 Bd8 87.Rb5 Bh4 88.a5 Bf6 89.a6 Bd4 90.Rb7  1-0

[Event "16th Voronezh Master Open"]
[Site "Voronezh RUS"]
[Date "2012.06.12"]
[Round "1.5"]
[White "Volkov,Sergey1"]
[Black "Belyakov,B"]
[Result "1-0"]
[WhiteElo "2623"]
[BlackElo "2312"]

1.d4 Nf6 2.c4 g6 3.Nc3 Bg7 4.e4 O-O 5.Nf3 d6 6.Be2 e5 7.Be3 Ng4 8.Bg5 f6
9.Bh4 g5 10.Bg3 Nh6 11.c5 g4 12.Nh4 Nc6 13.cxd6 cxd6 14.dxe5 fxe5 15.Bc4+ Kh8
16.Qd2 Nd4 17.O-O Bd7 18.Ne2 Rc8 19.Rfc1 Rxc4 20.Rxc4 Nxe2+ 21.Qxe2 Bb5 22.Rd1 Qa5
23.a4 Bxc4 24.Qxc4 a6 25.b3 b5 26.axb5 axb5 27.Qd5 Qb4 28.h3 gxh3 29.gxh3 Qc5
30.Qxd6 Qxd6 31.Rxd6 Nf7 32.Rd7 Ng5 33.Nf5 Bf6 34.Nd6 Nxh3+ 35.Kg2 Ng5 36.Rb7 b4
37.Rxb4 Rd8 38.Rb6 Kg8 39.b4 Rd7 40.b5 Bd8 41.Rc6 Bc7 42.Nc4 Nxe4 43.b6 Bd8
44.Nxe5  1-0

[Event "26th Pula Open"]
[Site "Pula CRO"]
[Date "2012.06.15"]
[Round "8.3"]
[White "Fodor,T jr"]
[Black "Sipos,I"]
[Result "1/2-1/2"]
[WhiteElo "2502"]
[BlackElo "2445"]

1.c4 Nf6 2.Nc3 g6 3.Nf3 Bg7 4.d4 O-O 5.e4 d6 6.Be2 e5 7.O-O exd4 8.Nxd4 Re8
9.f3 c6 10.Nc2 Nh5 11.g4 Be5 12.gxh5 Bxh2+ 13.Kxh2 Qh4+ 14.Kg1 Qg3+ 15.Kh1 Qh3+
16.Kg1  1/2-1/2

[Event "16th Voronezh Master Open"]
[Site "Voronezh RUS"]
[Date "2012.06.15"]
[Round "4.41"]
[White "Tarasova,Viktoriy"]
[Black "Baraeva,I"]
[Result "1-0"]
[WhiteElo "2297"]
[BlackElo "2169"]

1.d4 Nf6 2.c4 g6 3.Nc3 Bg7 4.e4 d6 5.Nf3 O-O 6.Be2 e5 7.O-O exd4 8.Nxd4 Re8
9.f3 c6 10.Bf4 Na6 11.Qd2 Nh5 12.Be3 Nc7 13.Rad1 d5 14.cxd5 cxd5 15.Ndb5 Be6
16.Qc1 Nf6 17.Bg5 a6 18.Bxf6 Bxf6 19.Nxc7 Qxc7 20.Nxd5 Qe5 21.f4 Qxb2 22.Qxb2 Bxb2
23.Nc7 Rac8 24.Nxe8 Rxe8 25.Rd2 Bc3 26.Rc2 Bd4+ 27.Kh1 Bf6 28.Bc4 Bxc4 29.Rxc4 b5
30.Rc6 Bd4 31.e5 Ra8 32.Rfc1 a5 33.Rc8+ Rxc8 34.Rxc8+ Kg7 35.Rb8 b4 36.Rb5 Bc3
37.Rxa5 b3 38.Ra3 b2 39.Rb3 Kf8 40.Kg1 Ke7 41.Kf2 Ke6 42.Ke3  1-0

[Event "16th Voronezh Master Open"]
[Site "Voronezh RUS"]
[Date "2012.06.16"]
[Round "5.6"]
[White "Volkov,Sergey1"]
[Black "Onischuk,V"]
[Result "1-0"]
[WhiteElo "2623"]
[BlackElo "2516"]

1.d4 d6 2.Nf3 Nf6 3.c4 g6 4.Nc3 Bg7 5.e4 O-O 6.Be2 Nbd7 7.O-O e5 8.Re1 c6
9.Bf1 Qe7 10.Rb1 b6 11.b4 Bb7 12.a4 a6 13.b5 c5 14.bxa6 Rxa6 15.dxe5 dxe5
16.Nd5 Qd8 17.Bg5 h6 18.Bxf6 Bxf6 19.a5 Qb8 20.axb6 Bc6 21.Ra1 Rxa1 22.Qxa1 Ba8
23.Rb1 Re8 24.Nd2 Re6 25.Qa7 Qb7 26.g3 Rd6 27.Qa5 Kg7 28.Qc3  1-0